000 00955cam a2200301 a 4500
001 17459449
005 20180306071106.0
008 120911s2013 enk b 001 0 eng
010 _a 2012034453
020 _a9781409443568 (hardcover : alk. paper)
020 _a1409443566 (hardcover : alk. paper)
020 _a9781409443575 (ebk. PDF)
020 _a1409443574 (ebk. PDF)
020 _a9781472401359 (ebk. ePUB)
040 _aDLC
_cDLC
_dDLC
041 _aeng
042 _apcc
043 _ae-uk---
080 _a821.7 car
082 0 0 _a821.7 car
_223
100 1 _a42
101 _ahis
245 1 0 _aByron and the discourses of history /
_cCarla Pomarè.
504 _aIncludes bibliographical references (p. [169]-184) and index.
906 _a7
_bcbc
_corignew
_d1
_eecip
_f20
_gy-gencatlg
942 _2ddc
_cBK
999 _c44173
_d44173